| 000 | 00000cas 2200000zi 4500 |
| 001 | 9.809540 |
| 003 | CaOODSP |
| 005 | 20260612164833 |
| 006 | m o d f |
| 007 | cr cn |||||||| |
| 008 | 150406c20059999onc x p o f0 a0eng|d |
| 022 | |a3111-2250 |
| 040 | |aCaOODSP|beng|erda|cCaOODSP |
| 041 | |aeng|afre |
| 043 | |an-cn--- |
| 086 | 1 |aT34-26-PDF |
| 086 | 1 |aT34-26E-PDF |
| 245 | 00|aMarine security operations bulletins = |bBulletins opérationnels de sûreté maritime. |
| 246 | 31|aBulletins opérationnels de sûreté maritime |
| 246 | 1 |iIssues for 2008/003- have title: |aMarine security operations bulletin |
| 264 | 1|a[Ottawa] : |bTransport Canada = Transports Canada, |c[2005]- |
| 310 | |aIrregular |
| 336 | |atext|btxt|2rdacontent |
| 337 | |acomputer|bc|2rdamedia |
| 338 | |aonline resource|bcr|2rdacarrier |
| 362 | 1 |aBegan with: No. 2005/001. |
| 546 | |aText in English and French in parallel columns, 2005-2015; text in English only, 2016- |
| 588 | |aDescription based on: No. 2005/001. |
| 588 | |aLatest issue consulted: No. 2026/001. |
| 650 | 0|aNavigation|zCanada|xSafety measures|vPeriodicals. |
| 655 | 7|aPeriodicals|2lcgft |
| 710 | 1 |aCanada. |bTransport Canada, |eissuing body. |
| 775 | 08|tBulletin opérationnel de sûreté maritime |w(CaOODSP)9.890287 |
| 788 | |tMarine Security operations bulletins |efre|w(CaOODSP)9.809548 |